[Event "GEO-ch Blitz (Women)"]
[Site "Tbilisi"]
[Date "2023.12.06"]
[Round "7"]
[White "Tevzadze, Mariam"]
[Black "Batsiashvili, Nino"]
[Result "1-0"]
[WhiteElo "1810"]
[BlackElo "2451"]
[PlyCount "84"]
[EventDate "2023.12.05"]
[EventType "swiss (blitz)"]
[EventRounds "13"]
[EventCountry "GEO"]
[SourceTitle "CB50_2023"]
[SourceDate "2023.12.13"]
[SourceVersion "1"]
[SourceVersionDate "2023.12.13"]
[SourceQuality "1"]

1. d4 Nf6 2. Nf3 c5 3. c3 d5 4. Bf4 Nc6 5. e3 e6 6. Nbd2 Nh5 7. Bg5 f6 8. Bh4 g6 9. Bd3 cxd4 10. cxd4 Bd6 11. 0-0 0-0 12. a3 Bd7 13. Rc1 Rc8 14. b4 a5 15. b5 Ne7 16. Qb3 Rxc1 17. Rxc1 g5 18. Bg3 Nxg3 19. hxg3 h5 20. e4 Kg7 21. e5 fxe5 22. dxe5 Bb8 23. Nxg5 Bxe5 24. Re1 Qb6 25. Ndf3 Bxg3 26. Qb2+ Kh6 27. Kf1 Bf4 28. Nh3 Qd6 29. a4 Qb4 30. Qa1 Ng6 31. Kg1 Bd2 32. Rb1 Qc3 33. Qxc3 Bxc3 34. Rc1 d4 35. Be4 b6 36. Bxg6 Rxf3 37. gxf3 Kxg6 38. Nf4+ Kf5 39. Ne2 Bb2 40. Rb1 Bc3 41. Rc1 Bb2 42. Rc2 Ba1 1-0

[Event "EU-ch Online U2300 Qual"]
[Site "Chess.com INT"]
[Date "2020.05.25"]
[Round "4"]
[White "Tevzadze, Mariam"]
[Black "Spyropoulos, Nikolaos"]
[Result "0-1"]
[WhiteElo "1834"]
[BlackElo "2403"]
[PlyCount "92"]
[EventDate "2020.05.25"]
[EventType "swiss"]
[EventRounds "8"]
[EventCountry "NET"]
[SourceTitle "EXT 2021"]
[Source "ChessBase"]
[SourceDate "2020.10.23"]
[SourceVersion "1"]
[SourceVersionDate "2020.10.23"]
[SourceQuality "1"]

1. d4 Nf6 2. c3 d5 3. Nf3 c6 4. Bf4 Bf5 5. e3 Nbd7 6. Bd3 Bxd3 7. Qxd3 e6 8. Nbd2 Be7 9. 0-0 0-0 10. e4 dxe4 11. Nxe4 Nxe4 12. Qxe4 Nf6 13. Qc2 Qd5 14. Rfe1 Rac8 15. h3 Rfd8 16. a4 c5 17. dxc5 Qxc5 18. Rad1 Nd5 19. Bg3 Bf6 20. Be5 Bxe5 21. Rxe5 Qc7 22. Rg5 Nf4 23. Re1 Rd7 24. Rg4 Rcd8 25. Qe4 f5 26. Qxf4 fxg4 27. Qxg4 Rd1 28. Qxe6+ Kh8 29. g3 Rxe1+ 30. Qxe1 Qd7 31. Kg2 Qxa4 32. Qe5 Qc6 33. g4 Rf8 34. Qe3 b6 35. h4 Re8 36. Qd4 Qe4 37. Kg3 Qxd4 38. Nxd4 Re1 39. Kf4 Kg8 40. f3 Kf7 41. Nc6 a5 42. Ne5+ Ke6 43. Nc4 Rb1 44. Ke3 a4 45. Kd2 Rxb2+ 46. Kc1 Rf2 0-1

[Event "Wch Blitz (Women)"]
[Site "St Petersburg"]
[Date "2018.12.30"]
[Round "11"]
[White "Gvanceladze, Anna"]
[Black "Tevzadze, Mariam"]
[Result "1-0"]
[WhiteElo "2264"]
[BlackElo "1967"]
[PlyCount "105"]
[EventDate "2018.12.29"]
[EventType "swiss (blitz)"]
[EventRounds "17"]
[EventCountry "RUS"]
[SourceTitle "CBM 187 Extra"]
[Source "ChessBase"]
[SourceDate "2018.11.04"]
[SourceVersion "1"]
[SourceVersionDate "2018.11.04"]
[SourceQuality "1"]

1. e4 d6 2. d4 g6 3. Nf3 Bg7 4. Nc3 Nd7 5. Be2 e5 6. Be3 c6 7. 0-0 Ngf6 8. h3 Qc7 9. Qd2 0-0 10. dxe5 dxe5 11. Rad1 Re8 12. Rfe1 b5 13. a3 Bf8 14. Bf1 Nc5 15. Bh6 Bxh6 16. Qxh6 Ne6 17. Rd2 a5 18. Qh4 Kg7 19. Ng5 Nxg5 20. Qxg5 b4 21. Nb1 h6 22. Qe3 Nh5 23. Red1 Nf4 24. Rd6 Be6 25. Qc5 Ba2 26. Rxc6 Qe7 27. axb4 axb4 28. Qxe7 Rxe7 29. Rcd6 Bxb1 30. Rxb1 Rb7 31. Bc4 Rab8 32. Rbd1 g5 33. Rd7 Rxd7 34. Rxd7 Rf8 35. Kh2 h5 36. g3 Ng6 37. Kg2 h4 38. Kf3 hxg3 39. fxg3 Kf6 40. Ke3 Nh8 41. Rb7 Rd8 42. Bd5 Rc8 43. Kd3 Rd8 44. Rxb4 Ng6 45. Rb6+ Kg7 46. Rb7 Kh6 47. Rxf7 Rb8 48. b3 Nh8 49. Rb7 Rf8 50. Ke2 Ng6 51. Rb6 Kh7 52. Be6 Nh8 53. Rb7+ 1-0

[Event "Wch Blitz (Women)"]
[Site "St Petersburg"]
[Date "2018.12.30"]
[Round "16"]
[White "Tevzadze, Mariam"]
[Black "Bogumil, Tatiana"]
[Result "1-0"]
[WhiteElo "1967"]
[BlackElo "2114"]
[PlyCount "147"]
[EventDate "2018.12.29"]
[EventType "swiss (blitz)"]
[EventRounds "17"]
[EventCountry "RUS"]
[SourceTitle "CBM 187 Extra"]
[Source "ChessBase"]
[SourceDate "2018.11.04"]
[SourceVersion "1"]
[SourceVersionDate "2018.11.04"]
[SourceQuality "1"]

1. d4 Nf6 2. c4 c5 3. Nf3 b6 4. Nc3 Bb7 5. d5 d6 6. Bg5 Nbd7 7. e4 g6 8. Be2 Bg7 9. Qd2 h6 10. Bh4 0-0 11. 0-0 b5 12. cxb5 a6 13. bxa6 Bxa6 14. Bxa6 Rxa6 15. Qe2 Rb6 16. a4 Qb8 17. Nb5 g5 18. Bg3 Ne8 19. Ra2 Nc7 20. Nxc7 Qxc7 21. Nd2 Rxb2 22. Rxb2 Bxb2 23. Nc4 Bd4 24. Rb1 Rb8 25. Qc2 f6 26. h4 Kg7 27. h5 Rxb1+ 28. Qxb1 Qb8 29. Qb5 Qa7 30. a5 Kf7 31. Kh2 Bc3 32. Nb6 Nb8 33. Nc4 Na6 34. Qb6 Qa8 35. f3 Nb4 36. Qb5 Qa6 37. Qxa6 Nxa6 38. Bf2 Ke8 39. Kg3 Bb4 40. Kg4 Kf7 41. Kf5 Nb8 42. g3 Bc3 43. f4 Na6 44. fxg5 hxg5 45. Be3 Nc7 46. h6 Bb4 47. Bc1 Bc3 48. Be3 Bb4 49. h7 Kg7 50. a6 Kxh7 51. a7 Kg7 52. Nb6 Ba5 53. a8Q Nxa8 54. Nxa8 Kf7 55. Bc1 Bd8 56. Kg4 e6 57. Kf3 f5 58. Bb2 fxe4+ 59. Kxe4 Ke7 60. Bc3 Kd7 61. g4 exd5+ 62. Kxd5 Ke7 63. Bd2 Kd7 64. Be3 Kc8 65. Kxd6 Kb7 66. Kd7 Bf6 67. Nc7 Kb6 68. Nd5+ Kb5 69. Nxf6 Kc4 70. Bxg5 Kd3 71. Nd5 c4 72. Kc6 Ke4 73. Bf6 c3 74. Nxc3+ 1-0

[Event "GEO-chT Club"]
[Site "Tbilisi"]
[Date "2017.12.02"]
[Round "4.3"]
[White "Tevzadze, Mariam"]
[Black "Pipia, Ekaterine"]
[Result "0-1"]
[WhiteElo "1898"]
[BlackElo "1791"]
[PlyCount "88"]
[EventDate "2017.11.29"]
[EventType "team-tourn"]
[EventRounds "7"]
[EventCountry "GEO"]
[SourceTitle "CBM 181 Extra"]
[Source "ChessBase"]
[SourceDate "2017.12.12"]
[SourceVersion "1"]
[SourceVersionDate "2017.12.12"]
[SourceQuality "1"]
[WhiteTeam "Racha Ambrulauri"]
[BlackTeam "Samegrelo"]
[WhiteTeamCountry "GEO"]
[BlackTeamCountry "GEO"]

1. e4 c5 2. Nf3 d6 3. d4 cxd4 4. Qxd4 a6 5. h3 Nc6 6. Qe3 Nf6 7. c4 g6 8. Be2 Bg7 9. 0-0 0-0 10. Nc3 Nd7 11. Rd1 Nc5 12. Bd2 Ne6 13. Be1 b6 14. Nd5 Rb8 15. Bc3 Bxc3 16. bxc3 b5 17. cxb5 axb5 18. Qh6 Qa5 19. Nf4 Ncd8 20. Nd5 Nc6 21. h4 Re8 22. h5 Ne5 23. Nh4 Bb7 24. f4 Qa7+ 25. Kh2 Qf2 26. hxg6 hxg6 27. fxe5 Qxe2 28. Nxg6 fxg6 29. Qxg6+ Ng7 30. Nf6+ exf6 31. exf6 Qh5+ 32. Qxh5 Nxh5 33. Rxd6 Bxe4 34. g4 Nf4 35. f7+ Kxf7 36. Rf1 Ke7 37. Rh6 Rh8 38. g5 Rxh6+ 39. gxh6 Ne6 40. Kg3 Rh8 41. Re1 Nc5 42. Re2 Rxh6 43. Rb2 Bd3 44. Kf4 Re6 0-1

[Event "GEO-chT Club"]
[Site "Tbilisi"]
[Date "2017.11.30"]
[Round "2.4"]
[White "Tevzadze, Mariam"]
[Black "Kuchava, Ana"]
[Result "0-1"]
[WhiteElo "1898"]
[BlackElo "2164"]
[PlyCount "84"]
[EventDate "2017.11.29"]
[EventType "team-tourn"]
[EventRounds "7"]
[EventCountry "GEO"]
[SourceTitle "CBM 181 Extra"]
[Source "ChessBase"]
[SourceDate "2017.12.12"]
[SourceVersion "1"]
[SourceVersionDate "2017.12.12"]
[SourceQuality "1"]
[WhiteTeam "Racha Ambrulauri"]
[BlackTeam "Tbilisi Moazrovne Taoba"]
[WhiteTeamCountry "GEO"]
[BlackTeamCountry "GEO"]

1. d4 Nf6 2. c4 e6 3. Nf3 b6 4. a3 Bb7 5. Nc3 d5 6. Qa4+ c6 7. cxd5 Nxd5 8. e4 Nxc3 9. bxc3 Be7 10. Be3 0-0 11. Bd3 c5 12. Qc2 cxd4 13. cxd4 Nc6 14. 0-0 Rc8 15. Qb2 Na5 16. Rfc1 Rxc1+ 17. Rxc1 Qa8 18. Nd2 Rc8 19. f3 Rxc1+ 20. Qxc1 Qc8 21. Qb2 h6 22. a4 Bc6 23. Bb5 Qd7 24. e5 Qd5 25. Kf2 Bxb5 26. axb5 Nc4 27. Qb3 Na3 28. Qa4 Nxb5 29. Ne4 a5 30. g4 Kh8 31. Kg3 Bb4 32. Bxh6 gxh6 33. Kh4 Kg7 34. g5 hxg5+ 35. Kh5 Nc3 36. Qc2 Nxe4 37. fxe4 Qxd4 38. h4 Qxe5 39. Qg2 Qf6 40. hxg5 Qg6+ 41. Kh4 Bc3 42. Qc2 Be5 0-1

[Event "GEO-chT Club"]
[Site "Tbilisi"]
[Date "2017.11.29"]
[Round "1.1"]
[White "Tevzadze, Mariam"]
[Black "Arabidze, Meri"]
[Result "1-0"]
[WhiteElo "1898"]
[BlackElo "2378"]
[PlyCount "75"]
[EventDate "2017.11.29"]
[EventType "team-tourn"]
[EventRounds "7"]
[EventCountry "GEO"]
[SourceTitle "CBM 181 Extra"]
[Source "ChessBase"]
[SourceDate "2017.12.12"]
[SourceVersion "1"]
[SourceVersionDate "2017.12.12"]
[SourceQuality "1"]
[WhiteTeam "Racha Ambrulauri"]
[BlackTeam "Imereti Kutaisi"]
[WhiteTeamCountry "GEO"]
[BlackTeamCountry "GEO"]

1. d4 d5 2. Nc3 Nf6 3. Bf4 c6 4. Qd3 g6 5. f3 Bg7 6. e4 dxe4 7. fxe4 Nh5 8. Be3 e5 9. d5 0-0 10. dxc6 Nxc6 11. Qxd8 Rxd8 12. Nf3 Nd4 13. Bxd4 exd4 14. Nd5 Bg4 15. h3 Ng3 16. hxg4 Nxh1 17. Bd3 Kf8 18. Ke2 Ng3+ 19. Kf2 Nxe4+ 20. Bxe4 f5 21. gxf5 gxf5 22. Bxf5 Rxd5 23. Bxh7 Rb5 24. b3 Ra5 25. Bd3 Rc8 26. g4 Bf6 27. Kg3 Rc7 28. Rf1 Ke7 29. Kf4 Rxa2 30. g5 Bg7 31. Nh4 Rc5 32. Nf5+ Kf8 33. Kg4 Be5 34. Nh6+ Ke8 35. g6 Bg7 36. Nf5 Kf8 37. Ng3+ Ke8 38. Nf5 1-0

[Event "Poti op 12th"]
[Site "Poti"]
[Date "2017.07.14"]
[Round "1"]
[White "Viskelis, Darius"]
[Black "Tevzadze, Mariam"]
[Result "1-0"]
[WhiteElo "2326"]
[BlackElo "1974"]
[PlyCount "85"]
[EventDate "2017.07.14"]
[EventType "swiss"]
[EventRounds "9"]
[EventCountry "GEO"]
[SourceTitle "CBM 179 Extra"]
[Source "ChessBase"]
[SourceDate "2017.08.23"]
[SourceVersion "1"]
[SourceVersionDate "2017.08.23"]
[SourceQuality "1"]

1. e4 e5 2. Nf3 Nc6 3. Bb5 Nge7 4. d4 exd4 5. Nxd4 Nxd4 6. Qxd4 Nc6 7. Bxc6 dxc6 8. Qxd8+ Kxd8 9. 0-0 Bc5 10. Bf4 Bb6 11. Nc3 Be6 12. Na4 Ke7 13. b3 Rhd8 14. c4 Rd7 15. Rac1 Bd4 16. h3 b6 17. Nc3 Bxc3 18. Rxc3 Rad8 19. c5 b5 20. b4 Rd3 21. Bd6+ cxd6 22. Rxd3 d5 23. exd5 Bxd5 24. Re1+ Kf6 25. Ra3 Ra8 26. Ra6 g5 27. Re3 h5 28. Rea3 Re8 29. Rd3 Re1+ 30. Kh2 Kf5 31. Rxa7 f6 32. a4 bxa4 33. b5 Be4 34. Rc3 Re2 35. f3 Bd5 36. Rd7 a3 37. Rxa3 Rb2 38. b6 g4 39. hxg4+ hxg4 40. Kg3 gxf3 41. gxf3 Ke6 42. Rg7 Rxb6 43. cxb6 1-0

[Event "EU-ch (Women) 16th"]
[Site "Chakvi"]
[Date "2015.05.25"]
[Round "7"]
[White "Tevzadze, Mariam"]
[Black "Martynkova, Olena"]
[Result "1-0"]
[WhiteElo "1834"]
[BlackElo "2165"]
[PlyCount "53"]
[EventDate "2015.05.19"]
[EventType "swiss"]
[EventRounds "11"]
[EventCountry "GEO"]
[SourceTitle "CBM 166 Extra"]
[Source "ChessBase"]
[SourceDate "2015.06.18"]
[SourceVersion "1"]
[SourceVersionDate "2015.06.18"]
[SourceQuality "1"]

1. d4 Nf6 2. c4 g6 3. Nc3 Bg7 4. e4 0-0 5. f3 d6 6. Be3 c5 7. Nge2 Nc6 8. dxc5 dxc5 9. Qxd8 Rxd8 10. Bxc5 Nd7 11. Ba3 Nde5 12. Ng3 Nd4 13. 0-0-0 Be6 14. Nd5 Nec6 15. Kb1 Rd7 16. Ne2 Nxe2 17. Bxe2 Nd4 18. Nxe7+ Kh8 19. Bf1 Nb5 20. Rxd7 Nxa3+ 21. bxa3 Bxd7 22. Nd5 Bd4 23. Kc2 Ba4+ 24. Kd2 Rb8 25. Be2 b5 26. cxb5 Bxb5 27. Rb1 1-0

[Event "EU-ch (Women) 16th"]
[Site "Chakvi"]
[Date "2015.05.21"]
[Round "3"]
[White "Tevzadze, Mariam"]
[Black "Paehtz, Elisabeth"]
[Result "0-1"]
[WhiteElo "1834"]
[BlackElo "2473"]
[PlyCount "102"]
[EventDate "2015.05.19"]
[EventType "swiss"]
[EventRounds "11"]
[EventCountry "GEO"]
[SourceTitle "CBM 166 Extra"]
[Source "ChessBase"]
[SourceDate "2015.06.18"]
[SourceVersion "1"]
[SourceVersionDate "2015.06.18"]
[SourceQuality "1"]

1. d4 d6 2. c4 g6 3. Nc3 Bg7 4. e4 Nd7 5. Be3 c5 6. d5 a6 7. Qd2 Qa5 8. h4 Ngf6 9. f3 h5 10. Nh3 Ne5 11. Bf4 Nfd7 12. Rc1 Rb8 13. b3 b5 14. cxb5 axb5 15. Be2 c4 16. 0-0 cxb3 17. Nxb5 Qxd2 18. Bxd2 Nc5 19. axb3 Bxh3 20. gxh3 Ned3 21. Bxd3 Nxd3 22. Nc7+ Kd7 23. Na6 Nxc1 24. Nxb8+ Rxb8 25. Rxc1 Rxb3 26. Kf2 Rb2 27. Rd1 Bc3 28. Ke3 Bf6 29. Kd3 Rb3+ 30. Ke2 Bxh4 31. Ra1 Rb8 32. Bc3 Bg3 33. Ra7+ Ke8 34. Ra4 Bf4 35. Kd3 f6 36. Rb4 Ra8 37. Rb2 Kf7 38. Rc2 Ra3 39. Kc4 Be5 40. Kb4 Ra7 41. Bd2 Rb7+ 42. Kc4 g5 43. Kd3 Rb1 44. Rc1 Rb3+ 45. Ke2 Rb2 46. Kd1 Rxd2+ 47. Kxd2 Bf4+ 48. Kc2 Bxc1 49. Kxc1 f5 50. Kd2 fxe4 51. fxe4 Kf6 0-1

[Event "EU-ch (Women) 16th"]
[Site "Chakvi"]
[Date "2015.05.19"]
[Round "1"]
[White "Tevzadze, Mariam"]
[Black "Mammadova, Gulnar Marfat Qizi"]
[Result "0-1"]
[WhiteElo "1834"]
[BlackElo "2293"]
[PlyCount "80"]
[EventDate "2015.05.19"]
[EventType "swiss"]
[EventRounds "11"]
[EventCountry "GEO"]
[SourceTitle "CBM 166 Extra"]
[Source "ChessBase"]
[SourceDate "2015.06.18"]
[SourceVersion "1"]
[SourceVersionDate "2015.06.18"]
[SourceQuality "1"]

1. d4 e6 2. Nf3 f5 3. Nc3 Nf6 4. Bg5 d5 5. e3 Be7 6. Bd3 0-0 7. 0-0 c5 8. h3 Nc6 9. Bb5 Bd7 10. Bxc6 Bxc6 11. Ne5 Be8 12. a4 Bh5 13. Qd2 Rc8 14. f4 a6 15. Rab1 Qc7 16. Bxf6 Bxf6 17. Kh1 Bxe5 18. fxe5 Qa5 19. Rfc1 Qb4 20. Qf2 f4 21. Qh4 Bg6 22. dxc5 Qxc5 23. exf4 d4 24. f5 Bxf5 25. Ne2 Rfd8 26. Nf4 Qxe5 27. Nd3 Qf6 28. Qg3 Rd7 29. b4 Rdc7 30. b5 a5 31. b6 Rc3 32. Rf1 Rxc2 33. Rbc1 R2c3 34. Rcd1 Qd8 35. Rf3 Qxb6 36. Ne5 d3 37. Qg5 Qd4 38. Re3 h6 39. Qh5 Qxe3 40. Qf7+ Kh8 0-1

[Event "Poti Aleksandria Cup-B 8th"]
[Site "Poti"]
[Date "2013.07.16"]
[Round "4"]
[White "Tevzadze, Mariam"]
[Black "Sirbiladze, Sulkhan"]
[Result "0-1"]
[WhiteElo "1883"]
[BlackElo "1993"]
[PlyCount "81"]
[EventDate "2013.07.13"]
[EventType "swiss"]
[EventRounds "9"]
[EventCountry "GEO"]
[SourceTitle "EXT 2014"]
[Source "ChessBase"]
[SourceDate "2013.11.20"]
[SourceVersion "1"]
[SourceVersionDate "2013.11.20"]
[SourceQuality "1"]

1. Nf3 c5 2. e4 d6 3. d4 cxd4 4. Qxd4 Nc6 5. Bb5 Bd7 6. Bxc6 Bxc6 7. Nc3 Nf6 8. Bg5 e6 9. 0-0-0 Be7 10. Rhe1 0-0 11. Kb1 Qc7 12. Qd3 a6 13. Nd4 Rfd8 14. f4 b5 15. Nxc6 Qxc6 16. Ne2 Rac8 17. Nd4 Qb7 18. Bxf6 Bxf6 19. g4 Rc4 20. Nb3 Qc7 21. Qd2 g6 22. h4 Bxh4 23. Rh1 Bf6 24. g5 Bg7 25. f5 Be5 26. f6 Rc8 27. Rc1 Rxe4 28. Qg2 Qc4 29. Qh3 h5 30. c3 Re2 31. Qf3 b4 32. Rh4 Rxb2+ 33. Kxb2 Bxc3+ 34. Kb1 Qxh4 35. Qb7 Qc4 36. Rc2 d5 37. Nd2 Qc6 38. Qe7 d4 39. Nb3 d3 40. Rh2 d2 41. Qd6 0-1

[Event "EU-ch U18 Girls"]
[Site "Batumi"]
[Date "2010.09.26"]
[Round "7"]
[White "Soubirou, Oriane"]
[Black "Tevzadze, Mariam"]
[Result "0-1"]
[WhiteElo "2021"]
[BlackElo "1895"]
[PlyCount "53"]
[EventDate "2010.09.20"]
[EventType "swiss"]
[EventRounds "9"]
[EventCountry "GEO"]
[SourceTitle "CBM 138 Extra"]
[Source "ChessBase"]
[SourceDate "2010.10.29"]
[SourceVersion "1"]
[SourceVersionDate "2010.10.29"]
[SourceQuality "1"]

1. d4 d6 2. e4 Nf6 3. Nc3 e5 4. Nf3 Nbd7 5. g4 h6 6. g5 hxg5 7. Bxg5 c6 8. Bc4 Qc7 9. Qd3 Rh3 10. Qe2 Nb6 11. Ng1 Rh8 12. dxe5 dxe5 13. Bb3 Bc5 14. Bxf6 gxf6 15. 0-0-0 Qe7 16. f3 Bd7 17. Kb1 0-0-0 18. Qe1 Rdg8 19. Nge2 Bh3 20. Ng3 Bg2 21. Nf5 Qc7 22. Qe2 Bxh1 23. Rxh1 Rg1+ 24. Rxg1 Bxg1 25. h4 Bd4 26. Bxf7 Kb8 27. Bb3 0-1